000
00286nam a22001337a 4500
008
180905b xxu||||| |||| 00| 0 eng d
020
_a
9780805330441
041
_a
eng
080
_2
5 ED
_a
573
100
_a
11
101
_a
BIO
245
_a
Biology
_c
Campbell.n,a
942
_2
udc
_c
BK
999
_c
47552
_d
47552